Statistics for Total Drama The Ridonculous Race Team Titles

Click here to take the quiz!

General Stats

  • This quiz has been taken 26 times
  • The average score is 16 of 18

Answer Stats

HintAnswer% Correct
Mickey & JayAdversity Twins
94%
Devin & CarrieBest Friends
94%
Ryan & StephanieDaters / Haters
94%
Tom & JenFashion Bloggers
94%
Crimson & EnnuiGoths
94%
Jacques & JoseeIce Dancers
94%
Emma & KittySisters
94%
Lorenzo & ChetStepbrothers
94%
Laurie & MilesVegans
94%
Ellody & MaryGeniuses
88%
Leonard & TammyLarpers
88%
Rock & SpudRockers
88%
Gerry & PeteTennis Rivals
88%
Dwayne & JuniorFather & Son
81%
MacArthur & SandersPolice Cadets
81%
Kelly & TaylorMother & Daughter
75%
Geoff & BrodySurfers
75%
Owen & NoahReality TV Pros
69%

Score Distribution

Percentile by Number Answered

Percent of People with Each Score

Your Score History

You have not taken this quiz